La educación moral

I tiakina i:
Ngā taipitopito rārangi puna kōrero
Kaituhi matua: Durkheim, Emile (Author)
Hōputu: Pukapuka
Reo:Pāniora
I whakaputaina: Ciudad de México Colofón 1997
Putanga:3a. ed
Ngā marau:
Ngā Tūtohu: Tāpirihia he Tūtohu
Kāore He Tūtohu, Me noho koe te mea tuatahi ki te tūtohu i tēnei pūkete!

MARC

LEADER 00000nam a2200000 a 4500
001 UCQ6826
003 CL-VaPUC
008 981023e19970000MX |||||||||||||||||spa|d
082 0 4 |a 170  |b DUR  |2 21 
100 0 |a Durkheim, Emile  |e author  |9 314700 
245 1 3 |a La educación moral 
250 |a 3a. ed 
300 |a 310 p 
942 |c BK 
945 |d 19981023 00:00:00  |a mvenant 
260 |a Ciudad de México  |b Colofón  |c 1997 
650 0 |a Sociología   |9 255410 
650 0 |a Educación  |9 258661 
650 0 |a Moral  |9 265913 
650 0 |a Ética  |9 255099 
583 |a last modification  |c 19981023 00:00:00  |k Rodrigo Vera 
999 |c 276730  |d 276728 
952 |0 0  |1 2  |4 0  |6 170_000000000000000_DUR_1997  |7 0  |8 A  |9 314173  |a BIBTEO  |b BIBTEO  |d 2019-11-20  |i 3475018  |o 170 DUR 1997  |p 3475018  |r 2019-11-20  |w 2019-11-20  |y BK  |k ICR